Famous 'Co' People Quiz Stats

 Plays Quiz Updated Nov 17, 2015

Also try: Famous 'Ha' People
Challenge
Share
Tweet
Score 0/18 Timer 05:00
4 Plays Today
% Correct
Simon Cowell
90.3%
Sean Connery
86.5%
Kurt Cobain
86.1%
Bradley Cooper
85%
Courteney Cox
82.6%
Kevin Costner
76.4%
Stephen Colbert
74.2%
Sacha Baron Cohen
70.1%
Phil Collins
50.5%
% Correct
Elvis Costello
45.4%
Jennifer Connelly
42.5%
David Copperfield
39.6%
Bob Costas
38.4%
Marion Cotillard
32.5%
Francis Ford Coppola
23.7%
Miranda Cosgrove
20.4%
Joel Coen
16%
Lauren Cohan
13.7%

You're not logged in!

Compare scores with friends on all Sporcle quizzes.
OR
Log In

You Might Also Like...

Show Comments

Extras

Top Quizzes Today


Score Distribution

Your Account Isn't Verified!

In order to create a playlist on Sporcle, you need to verify the email address you used during registration. Go to your Sporcle Settings to finish the process.

Report this User

Report this user for behavior that violates our Community Guidelines.

Details: